Zambanker: Africa Economic Summit 2005 (Record no. 62328)

MARC details
000 -LEADER
fixed length control field 00460nas a2200145 a 4500
008 - FIXED-LENGTH DATA ELEMENTS--GENERAL INFORMATION
fixed length control field 100122c20059999||||||||||||||||| || u
050 ## - LIBRARY OF CONGRESS CALL NUMBER
Classification number ZAM PER BOZ(05)ZAMBA
110 ## - MAIN ENTRY--CORPORATE NAME
Corporate name or jurisdiction name as entry element Bank Of Zambia (BOZ)
245 10 - TITLE STATEMENT
Title Zambanker: Africa Economic Summit 2005
Statement of responsibility, etc. A Bank of Zambia Journal
260 ## - PUBLICATION, DISTRIBUTION, ETC.
Place of publication, distribution, etc. Lusaka
Name of publisher, distributor, etc. BOZ
Date of publication, distribution, etc. 2005
350 ## - PRICE (NR) (BK AM CF MU VM SE) [OBSOLETE]
Price 0.00
362 1# - DATES OF PUBLICATION AND/OR SEQUENTIAL DESIGNATION
Dates of publication and/or sequential designation December 2003; August 2004; September 2004; June 2005
500 ## - GENERAL NOTE
General note Special issue
650 ## - SUBJECT ADDED ENTRY--TOPICAL TERM
Topical term or geographic name entry element BANKS AND BANKING--ZAMBIA
Holdings
Withdrawn status Lost status Source of classification or shelving scheme Damaged status Not for loan Home library Current library Date acquired Total Checkouts Full call number Date last seen Price effective from Koha item type
          CBU-MAIN LIBRARY, KITWE. CBU-MAIN LIBRARY, KITWE. 11/30/2022   ZAM PER BOZ(05)ZAMBA 11/30/2022 11/30/2022 MONOGRAPH